Mathematics for physicists (Record no. 17119)

MARC details
000 -LEADER
fixed length control field 00601nam a2200193Ia 4500
003 - CONTROL NUMBER IDENTIFIER
control field IN-BaIIA
008 - FIXED-LENGTH DATA ELEMENTS--GENERAL INFORMATION
fixed length control field 211028s9999 xx 000 0 eng d
020 ## - INTERNATIONAL STANDARD BOOK NUMBER
International Standard Book Number 0-486-69193-4
040 ## - CATALOGING SOURCE
Transcribing agency IIA Library
080 ## - UNIVERSAL DECIMAL CLASSIFICATION NUMBER
Universal Decimal Classification number 51
Item number DEN
100 ## - MAIN ENTRY--PERSONAL NAME
Personal name Dennery, Philippe
9 (RLIN) 32242
245 #0 - TITLE STATEMENT
Title Mathematics for physicists
Statement of responsibility, etc. Philippe Dennery and Andre Krzywicki
260 ## - PUBLICATION, DISTRIBUTION, ETC.
Place of publication, distribution, etc. New York
Name of publisher, distributor, etc. Dover Publications
Date of publication, distribution, etc. 1996
300 ## - PHYSICAL DESCRIPTION
Extent xiii, 384p.
650 ## - SUBJECT ADDED ENTRY--TOPICAL TERM
Topical term or geographic name entry element Linear vector spaces
9 (RLIN) 32243
650 ## - SUBJECT ADDED ENTRY--TOPICAL TERM
Topical term or geographic name entry element Mathematical physics
9 (RLIN) 1525
700 ## - ADDED ENTRY--PERSONAL NAME
Personal name Krzywicki, Andre
9 (RLIN) 32244
942 ## - ADDED ENTRY ELEMENTS (KOHA)
Koha item type Books
Holdings
Withdrawn status Lost status Damaged status Not for loan Home library Current library Shelving location Date acquired Source of acquisition Cost, normal purchase price Total Checkouts Full call number Barcode Date last seen Cost, replacement price Price effective from Koha item type Purchase Price
        IIA Library-Bangalore IIA Library-Bangalore General Stacks 01/12/2008 BLA 8407.00   51/ DEN 18041 05/11/2021 8407.00 01/12/2008 Books Rs. 8407.00

Powered by Koha